50 Object lessons: (Record no. 9967)

000 -LEADER
fixed length control field 00616nam a2200193 a 4500
001 - CONTROL NUMBER
control field :::00007752$&:&@@
003 - CONTROL NUMBER IDENTIFIER
control field OkBaRHE
005 - DATE AND TIME OF LATEST TRANSACTION
control field 20000607103339.0
008 - FIXED-LENGTH DATA ELEMENTS--GENERAL INFORMATION
fixed length control field s1967 j 000 0 eng u
040 ## - CATALOGING SOURCE
Transcribing agency
100 1# - MAIN ENTRY--PERSONAL NAME
Personal name Poganski, Donald J.
245 10 - TITLE STATEMENT
Title 50 Object lessons:
Remainder of title the gospel visualized for children.
260 ## - PUBLICATION, DISTRIBUTION, ETC. (IMPRINT)
Place of publication, distribution, etc St. Louis, MO., :
Name of publisher, distributor, etc Concordia Publishing House
Date of publication, distribution, etc c1967
300 ## - PHYSICAL DESCRIPTION
Extent 152 p. : illus. ;
Dimensions 19 cm.
650 ## - SUBJECT ADDED ENTRY--TOPICAL TERM
Topical term or geographic name as entry element Children's Sermons
650 ## - SUBJECT ADDED ENTRY--TOPICAL TERM
Topical term or geographic name as entry element Object-teaching
942 ## - ADDED ENTRY ELEMENTS (KOHA)
Source of classification or shelving scheme
Koha item type Books
Copies
Price effective from Date last seen Barcode Not for loan Shelving location Date acquired Lost status Withdrawn status Damaged status Full call number Source of classification or shelving scheme Koha item type Permanent Location Copy number
2010-04-142010-04-147752 General Stacks2010-04-14   BV 1535 .P6 BooksRHEMA Bible Training College1